[Event "Match"]
[Site "www.echecsemail.com"]
[Date "2018.03.05"]
[Round "1"]
[White "Numanoid"]
[Black "Gidi5"]
[WhiteElo "2370"]
[BlackElo "2260"]
[Result "1-0"]
[Round "1"]
1.e4 e5
2.Ng1f3 Nb8c6
3.d4 exd4
4.Nf3xd4 Bf8c5
5.Nd4xc6 Qd8f6
6.Qd1f3 Qf6xc6
7.Nb1c3 a6
8.Bf1d3 Qc6f6
9.Bc1f4 d6
10.Nc3d5 Qf6d8
11.Qf3g3 Bc5d4
12.e5 g5
13.Bf4xg5 Qd8d7
14.Bg5f6 { resign }
1-0

[Event "Match"]
[Site "www.echecsemail.com"]
[Date "2018.03.05"]
[Round "1"]
[White "Virgil08bv"]
[Black "Whitekknight"]
[WhiteElo "1989"]
[BlackElo "1970"]
[Result "1-0"]
[Round "1"]
1.e4 e5
2.Ng1f3 Nb8c6
3.Bf1b5 Ng8f6
4.Bb5xc6 bxc6
5.Nb1c3 d6
6.h3 Bc8a6
7.d3 Bf8e7
8.O-O O-O
9.Rf1e1 Rf8e8
10.Bc1d2 d5
11.Nf3xe5 Ba6b7
12.Ne5f3 Be7c5
13.e5 Nf6d7
14.d4 Bc5b4
15.Nc3a4 Bb4xd2
16.Qd1xd2 Nd7f8
17.Na4c5 Bb7c8
18.b4 Nf8e6
19.Nc5b3 Qd8e7
20.c3 Ne6f8
21.a4 h6
22.Nf3h2 Bc8f5
23.Nh2f1 Nf8e6
24.Nf1g3 Bf5g6
25.Nb3a5 Qe7d7
26.f4 Ne6d8
27.Qd2f2 f6
28.f5 Bg6h7
29.exf6 gxf6
30.Ng3h5 Re8f8
31.g4 Qd7f7
32.Qf2e3 Ra8b8
33.Qe3xh6 Nd8b7
34.Na5xc6 Rb8a8
35.Re1e7 { resign }
1-0

[Event "Match"]
[Site "www.echecsemail.com"]
[Date "2018.03.05"]
[Round "1"]
[White "Axphis"]
[Black "Mdesouza"]
[WhiteElo "1809"]
[BlackElo "2300"]
[Result "1-0"]
[Round "1"]
1.d4 d5
2.Ng1f3 Ng8f6
3.g3 e6
4.Bf1g2 Bf8e7
5.c4 dxc4
6.O-O O-O
7.Nf3e5 c5
8.dxc5 Qd8xd1
9.Rf1xd1 Be7xc5
10.Nb1c3 a6
11.Ne5xc4 Ra8a7
12.Nc3a4 Bc5e7
13.Bc1e3 b5
14.Be3xa7 Nb8d7
15.Na4b6 bxc4
{ time. }
1-0

[Event "Match"]
[Site "www.echecsemail.com"]
[Date "2018.03.05"]
[Round "1"]
[White "Ericleo1980"]
[Black "Guidom"]
[WhiteElo "2230"]
[BlackElo "2140"]
[Result "1-0"]
[Round "1"]
1.e4 e5
2.Ng1f3 Nb8c6
3.Bf1b5 a6
4.Bb5a4 Ng8f6
5.O-O d6
6.h3 Bc8d7
7.Rf1e1 Bf8e7
8.c3 O-O
9.d4 exd4
10.cxd4 Qd8c8
11.Kh2 b5
12.Ba4b3 h6
13.a3 a5
14.Nb1d2 a4
15.Bb3c2 Nc6d8
16.Nd2f1 c5
17.e5 dxe5
18.dxe5 Nf6e8
19.Qd1d3 g6
20.Bc1xh6 Ne8g7
21.Nf1g3 Kh7
22.Bh6g5 Be7xg5
23.Nf3xg5 Kg8
24.Ng3e4 Bd7f5
25.Ne4f6 Kh8
26.Qd3g3 Bf5xc2
27.Qg3h4 Ng7h5
28.g4 Kg7
29.gxh5 Nd8e6
30.Re1g1 Ne6xg5
31.Rg1xg5 Rf8h8
32.Qh4f4 Bc2f5
33.Rg5g3 Qc8e6
34.Ra1g1 Rh8h6
35.Rg3g5 Bf5c2
36.Nf6g4 Rh6h7
37.Qf4g3 Ra8h8
38.Ng4f6 Rh7h6
39.Qg3c3 Bc2f5
40.f4 Rh8d8
41.Rg5g3 c4
42.Qc3a5 Rh6h8
43.Qa5xb5 Rd8d2
44.Rg1g2 Rh8d8
45.hxg6 fxg6
46.Qb5b7 Rd2d7
47.Nf6xd7 Rd8xd7
48.Qb7b5 Rd7a7
49.Qb5c5 Ra7b7
50.h4 Kh7
51.h5 gxh5
52.Qc5f8 Bf5g4
53.Rg2d2 Rb7f7
54.Qf8d6 Qe6f5
55.Qd6d4 Qf5e6
56.Qd4e4 Kh6
57.Rd2d6 { resign }
1-0

[Event "Match"]
[Site "www.echecsemail.com"]
[Date "2018.03.05"]
[Round "1"]
[White "Mdesouza"]
[Black "Zack1984"]
[WhiteElo "2340"]
[BlackElo "1809"]
[Result "1-0"]
[Round "1"]
1.e4 c5
2.c3 Ng8f6
3.e5 Nf6d5
4.d4 d6
5.Ng1f3 cxd4
6.cxd4 Nb8c6
7.Bf1c4 Nd5b6
8.Bc4xf7  { time }
1-0

[Event "1/128 Finale"]
[Site "www.chess-mail.com"]
[Date "2018.03.05"]
[Round "1"]
[White "Julian"]
[Black "Osopanda"]
[WhiteElo "1800"]
[BlackElo "1890"]
[Result "1/2-1/2"]
[Round "1"]
1.e4 c5
2.Ng1f3 Nb8c6
3.d4 cxd4
4.Nf3xd4 d6
5.c4 Ng8f6
6.Nb1c3 Nc6xd4
7.Qd1xd4 g6
8.Bf1e2 Bf8g7
9.O-O O-O
10.f3 Bc8e6
11.Nc3d5 Be6xd5
12.cxd5 Qd8a5
13.Bc1d2 Qa5b6
14.Qd4xb6 axb6
15.a4 Rf8c8
16.Rf1c1 Nf6d7
17.Be2b5 Nd7c5
18.b4 Nc5a6
19.Rc1xc8 Ra8xc8
20.Ra1c1 Rc8xc1
21.Bd2xc1 Na6xb4
22.Bc1d2 Nb4a2
23.Bb5c4 Na2c3
24.Bd2xc3 Bg7xc3
{ draw }
1/2-1/2

[Event "Tourn. n9704"]
[Site "www.chess-mail.com"]
[Date "2018.03.06"]
[Round "1"]
[White "Redapond1"]
[Black "Osopanda"]
[WhiteElo "1860"]
[BlackElo "1890"]
[Result "0-1"]
[Round "1"]
1.d4 d5
2.c4 e6
3.cxd5 exd5
4.Nb1c3 Ng8f6
5.Bc1g5 Bf8e7
6.e3 O-O
7.Ng1f3 Bc8g4
8.Bf1e2 Nb8d7
9.O-O h6
10.Bg5h4 c6
11.h3 Bg4h5
12.Qd1b3 Qd8c7
13.Bh4g3 Qc7b6
14.Qb3xb6 axb6
15.Rf1e1 Nf6e4
16.Bg3h2 Nd7f6
 { time }
0-1

[Event "Tourn. n9713"]
[Site "www.chess-mail.com"]
[Date "2018.03.06"]
[Round "1"]
[White "Redapond1"]
[Black "Osopanda"]
[WhiteElo "1860"]
[BlackElo "1890"]
[Result "0-1"]
[Round "1"]
1.d4 d5
2.c4 e6
3.Nb1c3 Ng8f6
4.Bc1g5 Bf8e7
5.Ng1f3 O-O
6.e3 c6
7.c5 Nb8d7
8.Bf1d3 Nf6e4
9.Bg5xe7 Qd8xe7
10.O-O f5
11.Nc3e2 e5
12.b4 f4
13.exf4 exf4
14.Ne2xf4 Rf8xf4
15.Rf1e1 Nd7f6
 { time }
0-1

[Event "Tourn. n9687"]
[Site "www.chess-mail.com"]
[Date "2018.03.06"]
[Round "1"]
[White "Sahlapalat"]
[Black "Sociopath"]
[WhiteElo "2090"]
[BlackElo "1809"]
[Result "0-1"]
[Round "1"]
1.d4 Ng8f6
2.c4 g6
3.Nb1c3 Bf8g7
4.e4 d6
5.Ng1f3 O-O
6.Bf1e2 e5
7.O-O Nb8c6
8.d5 Nc6e7
9.Nf3e1 Nf6e8
10.Bc1e3 f5
11.f3 h6
12.Ne1d3 Kh7
13.a3 Bc8d7
14.Qd1d2 Ne8f6
15.c5 g5
16.Ra1c1 a6
17.Qd2d1 Bd7e8
18.Qd1b3 Be8g6
19.Qb3xb7 fxe4
20.fxe4 Nf6xe4
21.Nc3xe4 Bg6xe4
22.Nd3b4 Ne7f5
23.Rc1c4 Nf5d4
24.Be3xd4 exd4
25.Rf1xf8 Qd8xf8
26.cxd6 cxd6
27.Rc4xd4 Qf8c8
{ resign }
0-1

[Event "Tourn. n9706"]
[Site "www.chess-mail.com"]
[Date "2018.03.06"]
[Round "1"]
[White "Osopanda"]
[Black "Silent1"]
[WhiteElo "1870"]
[BlackElo "1960"]
[Result "1-0"]
[Round "1"]
1.e4 e5
2.Ng1f3 d6
3.d4 exd4
4.Nf3xd4 Bf8e7
5.Nb1c3 Ng8f6
6.f3 Bc8d7
7.Bf1c4 Nb8c6
8.Bc1e3 Nc6xd4
9.Be3xd4 O-O
10.O-O Bd7e6
11.Bc4xe6 fxe6
12.Bd4e3 a6
13.Qd1d2 e5
14.Ra1d1 Nf6h5
15.g3 Rf8f7
16.Kg2 h6
17.Nc3d5 Nh5f6
18.c4 Nf6xd5
19.cxd5 Be7g5
20.f4 exf4
21.gxf4 Bg5e7
22.Be3d4 Qd8f8
23.e5 dxe5
24.fxe5 Rf7xf1
25.Rd1xf1 Qf8c8
26.e6 Qc8e8
27.Rf1f7 Ra8c8
28.Rf7xg7 Kf8
29.Qd2f4 { resign }
1-0

[Event "Tourn. n9734"]
[Site "www.chess-mail.com"]
[Date "2018.03.06"]
[Round "1"]
[White "Attatroll"]
[Black "Apdash"]
[WhiteElo "2000"]
[BlackElo "2190"]
[Result "0-1"]
[Round "1"]
1.e4 e5
2.f4 exf4
3.Bf1c4 Qd8h4
4.Kf1 Ng8f6
5.Ng1f3 Qh4h5
6.Nb1c3 Bf8b4
7.d3 g5
8.Nc3d5 Nf6xd5
9.Bc4xd5 c6
10.Bd5b3 Nb8a6
11.c3 Bb4e7
12.Bc1d2 Na6c5
13.Bd2e1 d6
14.Bb3c2 g4
15.Nf3d4 Bc8d7
16.Qd1e2 O-O-O
17.Nd4f5 Bd7xf5
18.exf5 Rh8e8
19.h3 f3
20.gxf3 gxf3
21.Qe2e3 Be7h4
22.Qe3f4 Re8xe1
23.Ra1xe1 Bh4xe1
24.Kxe1 Rd8e8
25.Kf1 Kc7
26.Bc2d1 Nc5xd3
27.Qf4xf3 Re8e1
28.Kg2 Qh5g5
29.Kh2 Qg5d2
30.Qf3g2 Qd2xg2
31.Kxg2 Re1xh1
32.Kxh1 Nd3f2
33.Kg2 Nf2xd1
{ resign }
0-1

[Event "Tourn. n9723"]
[Site "www.chess-mail.com"]
[Date "2018.03.06"]
[Round "1"]
[White "Esperanza"]
[Black "Zack1984"]
[WhiteElo "2040"]
[BlackElo "1809"]
[Result "1-0"]
[Round "1"]
1.d4 Ng8f6
2.c4 g6
3.Nb1c3 Bf8g7
4.e4 d6
5.h3 Nb8d7
6.Bf1d3 e5
7.d5 O-O
8.Bc1g5  { time }
1-0

[Event "Tourn. n9699"]
[Site "www.chess-mail.com"]
[Date "2018.03.06"]
[Round "1"]
[White "Pachi"]
[Black "Cal"]
[WhiteElo "1640"]
[BlackElo "1570"]
[Result "1/2-1/2"]
[Round "1"]
1.e4 e5
2.Ng1f3 d6
3.d4 exd4
4.Qd1xd4 Nb8c6
5.Qd4e3 h6
6.e5 d5
7.Bf1b5 Bc8d7
8.Bb5xc6 Bd7xc6
9.O-O Qd8e7
10.b3 Qe7e6
11.Bc1b2 b6
12.Nb1d2 Bf8c5
13.Qe3e2 Ng8e7
14.c4 dxc4
15.bxc4 Ne7f5
16.a4 O-O
17.a5 Bc6xf3
18.gxf3 Bc5d4
19.Bb2xd4 Nf5xd4
20.Qe2e4 c5
21.f4 Nd4f5
22.Qe4b7 bxa5
23.Ra1xa5 Nf5d4
24.Ra5xc5 Nd4e2
25.Kh1 Ne2xf4
26.Qb7f3 Ra8d8
27.Qf3xf4 g5
28.Qf4f6 Rd8xd2
29.Rc5c6 Qe6g4
30.Qf6xh6 Qg4f3
31.Kg1 Qf3g4
32.Kh1 Qg4f3
33.Kg1 Qf3g4
34.Kh1 Qg4f3
35.Kg1 Qf3g4
36.Kh1 Qg4f3
37.Kg1 Qf3g4
38.Kh1 Qg4f3
39.Kg1 Qf3g4
{ draw }
1/2-1/2

[Event "Tourn. n9708"]
[Site "www.chess-mail.com"]
[Date "2018.03.06"]
[Round "1"]
[White "Luizassis"]
[Black "Vinvangogh"]
[WhiteElo "1360"]
[BlackElo "1310"]
[Result "1-0"]
[Round "1"]
1.e4 e5
2.Ng1f3 Bf8c5
3.Nf3xe5 Qd8e7
4.d4 Bc5b4
5.Bc1d2 a5
6.Bf1c4 d6
7.Ne5xf7  { time }
1-0

[Event "Tourn. n9752"]
[Site "www.chess-mail.com"]
[Date "2018.03.06"]
[Round "1"]
[White "Louis"]
[Black "Malbertan"]
[WhiteElo "1990"]
[BlackElo "1970"]
[Result "1-0"]
[Round "1"]
1.d4 Ng8f6
2.c4 e6
3.Ng1f3 b6
4.g3 Bc8b7
5.Bf1g2 Bf8b4
6.Bc1d2 Qd8e7
7.O-O O-O
8.Bd2g5 d5
9.a3 Bb4d6
10.cxd5 Bb7xd5
11.Nb1c3 Bd5b7
12.e4 h6
13.Bg5xf6 gxf6
14.e5 fxe5
15.dxe5 Rf8d8
16.exd6 Rd8xd6
17.Qd1c1 Nb8c6
18.Qc1xh6 { resign }
1-0

[Event "Tourn. n9754"]
[Site "www.chess-mail.com"]
[Date "2018.03.06"]
[Round "1"]
[White "Fantomas"]
[Black "Coolant"]
[WhiteElo "2260"]
[BlackElo "2280"]
[Result "0-1"]
[Round "1"]
1.e4 e5
2.Ng1f3 Nb8c6
3.Bf1c4 Ng8f6
4.Nb1c3 Nf6xe4
5.Bc4xf7 Kxf7
6.Nc3xe4 d5
7.Ne4g3 Bf8d6
8.d3 Rh8f8
9.Bc1g5 Qd8e8
10.O-O h6
11.Bg5d2 Kg8
12.h3 Qe8f7
13.Nf3h2 Bc8e6
14.c3 Ra8e8
15.Ng3h1 Qf7g6
16.Nh1g3 Qg6xd3
17.Qd1e1 e4
18.Ng3e2 Nc6e5
19.Ne2d4 Be6xh3
20.Bd2e3 Bh3xg2
21.Kxg2 Ne5f3
22.Nh2xf3 exf3
{ resign }
0-1

[Event "Tourn. n9704"]
[Site "www.chess-mail.com"]
[Date "2018.03.06"]
[Round "1"]
[White "Jackbauer"]
[Black "Redapond1"]
[WhiteElo "1860"]
[BlackElo "1860"]
[Result "0-1"]
[Round "1"]
1.e4 d5
2.Ng1f3 Bc8g4
3.e5 e6
4.d4 c5
5.Bf1e2 Nb8c6
6.Nb1c3 cxd4
7.Nc3b5 Bg4xf3
8.gxf3 Nc6xe5
9.Nb5xd4 Ng8f6
10.Be2b5 Ne5d7
11.Bc1f4 a6
12.Bb5e2 e5
13.Bf4xe5 Nd7xe5
14.c3 Bf8c5
15.b4 Bc5b6
16.f4 Ne5g6
17.Qd1a4 Kf8
18.f5 Ng6f4
19.Qa4c2 Ra8c8
20.O-O-O Bb6xd4
21.Rd1xd4 Rc8xc3
22.Qc2xc3 Nf4xe2
{ resign }
0-1

[Event "Match"]
[Site "www.echecsemail.com"]
[Date "2018.03.06"]
[Round "1"]
[White "Micheles"]
[Black "Zack1984"]
[WhiteElo "2580"]
[BlackElo "1809"]
[Result "1-0"]
[Round "1"]
1.d4 Ng8f6
2.Ng1f3 e6
3.Bc1g5 Bf8e7
4.Nb1d2 d5
5.e3 O-O
6.Bf1d3 Nb8d7
7.O-O b6
8.c3 Bc8b7
9.Nf3e5 Nd7xe5
10.dxe5 Nf6d7
11.Bg5xe7 Qd8xe7
12.f4  { time }
1-0

[Event "Match"]
[Site "www.echecsemail.com"]
[Date "2018.03.06"]
[Round "1"]
[White "Traub"]
[Black "Zack1984"]
[WhiteElo "1500"]
[BlackElo "1809"]
[Result "1-0"]
[Round "1"]
1.d4 g6
2.c4 Bf8g7
3.e4 c5
4.dxc5 Qd8a5
5.Bc1d2 Qa5xc5
6.Ng1f3 Bg7xb2
7.Bd2c3 Bb2xa1
8.Bc3xa1  { time }
1-0

[Event "Match"]
[Site "www.echecsemail.com"]
[Date "2018.03.06"]
[Round "1"]
[White "Ditto"]
[Black "Zack1984"]
[WhiteElo "1990"]
[BlackElo "1809"]
[Result "1-0"]
[Round "1"]
1.e4 Ng8f6
2.e5 Nf6d5
3.d4 d6
4.Ng1f3 g6
5.Bf1c4 Nd5b6
6.Bc4d3 dxe5
7.dxe5 Bf8g7
8.Bc1f4 Nb8c6
9.O-O Bc8g4
10.Nb1d2 Nc6xe5
11.b3  { time }
1-0

[Event "Match"]
[Site "www.echecsemail.com"]
[Date "2018.03.06"]
[Round "1"]
[White "Sagara1977"]
[Black "Azulmarino"]
[WhiteElo "1500"]
[BlackElo "1550"]
[Result "0-1"]
[Round "1"]
1.e4 e5
2.Qd1f3 Ng8f6
3.Bf1c4 b6
4.Nb1c3 Bc8b7
5.Ng1h3 h6
6.d3 Nb8c6
7.b4 Nc6xb4
8.O-O Nb4xc2
9.Ra1b1 Nc2d4
10.Qf3d1 a6
11.Bc1e3 Bf8c5
12.Be3xd4 Bc5xd4
13.Nc3d5 Nf6xd5
14.exd5 { time. }
0-1

[Event "Match"]
[Site "www.echecsemail.com"]
[Date "2018.03.06"]
[Round "1"]
[White "Numanoid"]
[Black "Comrade"]
[WhiteElo "2410"]
[BlackElo "2280"]
[Result "1-0"]
[Round "1"]
1.d4 Ng8f6
2.c4 g6
3.Nb1c3 d5
4.Ng1f3 Bf8g7
5.h4 Bc8g4
6.Nf3e5 Bg4h5
7.f3 e6
8.g4 Nb8d7
9.gxh5 Nf6xh5
10.Ne5xd7 Qd8xd7
11.cxd5 exd5
12.Bf1h3 Qd7e7
13.Bc1g5 f6
14.Bg5c1 c6
15.Rh1g1 f5
16.Bc1g5 Qe7d6
17.Rg1g2 f4
18.Bh3g4 h6
19.Bg4xh5 hxg5
20.Bh5g4 Rh8xh4
21.Rg2g1 Qd6b4
22.Qd1d3 Rh4h6
23.O-O-O Kf7
24.a3 Qb4e7
25.Rg1h1 Rh6xh1
26.Rd1xh1 Qe7f6
27.e4 fxe3
28.Qd3xe3 Ra8e8
29.Qe3d2 Qf6xd4
30.Qd2xd4 Bg7xd4
31.Kd2 a5
32.Rh1e1 Re8xe1
33.Kxe1 Bd4e3
34.a4 d4
35.Nc3e4 b5
36.axb5 cxb5
37.Ne4d6 Kf6
38.Nd6xb5 Ke5
39.Ke2 Kd5
40.Kd3 Be3f2
41.Bg4d7 Kc5
42.Bd7e8 Bf2e3
43.Nb5a3 Be3c1
44.Na3c4 Kd5
45.b3 Kc5
46.Be8xg6 Kb4
47.Kxd4 Kxb3
48.Nc4xa5 Kb4
49.Na5c6 Kb5
50.Nc6e5 Bc1b2
51.Ke4 Bb2c1
52.Kf5 Bc1d2
53.Ne5f7 Kc5
54.Nf7xg5 Kd4
55.Ng5e6 Kd5
56.Kf6 Bd2c3
57.Kf7 Bc3d2
58.f4 Bd2xf4
59.Ne6xf4 Ke5
60.Nf4e6 Kd6
61.Kf6 Kd5
62.Bg6f5 Kd6
63.Bf5e4 Kd7
64.Ke5 Ke7
65.Ne6f4 Kd7
66.Nf4g6 Kc7
67.Kd5 Kb6
68.Kc4 Kc7
69.Kc5 Kd7
70.Be4d5 Kc7
71.Bd5c6 Kd8
72.Kd6 Kc8
73.Ng6f4 Kd8
74.Nf4e6 Kc8
75.Kc5 Kb8
76.Kb6 Kc8
77.Bc6e8 Kb8
78.Be8d7 Ka8
79.Ne6c5 Kb8
80.Nc5a6 Ka8
81.Bd7c6 
1-0

[Event "Match"]
[Site "www.echecsemail.com"]
[Date "2018.03.06"]
[Round "1"]
[White "Karlgrocer"]
[Black "Fegatux"]
[WhiteElo "2030"]
[BlackElo "1499"]
[Result "0-1"]
[Round "1"]
1.d4 d6
2.e3 e5
3.dxe5 dxe5
4.Ng1f3 Qd8xd1
5.Kxd1 Bf8d6
6.Bf1d3 f5
7.Bd3c4 h6
8.Ke2 Bc8d7
9.Bc1d2 Nb8c6
10.a3 O-O-O
11.Nb1c3 e4
12.Nf3e1 Nc6e5
13.Bc4b3 Ng8f6
14.g3 g5
15.Ne1g2 Ne5f3
16.Nc3d5 Nf3xd2
17.Kxd2 Nf6g4
18.Ke2 c6
19.Nd5c3 Ng4e5
20.Ra1d1 Kc7
21.h4 b5
22.hxg5 hxg5
23.Rh1xh8 Rd8xh8
24.Rd1g1 Rh8h2
25.Nc3b1 Ne5f3
{ resign }
0-1

[Event "Match"]
[Site "www.echecsemail.com"]
[Date "2018.03.06"]
[Round "1"]
[White "Bjonil60"]
[Black "Carazo"]
[WhiteElo "1460"]
[BlackElo "1830"]
[Result "0-1"]
[Round "1"]
1.d4 d5
2.Ng1f3 Ng8f6
3.e3 Bc8g4
4.Bf1e2 Nb8c6
5.h3 Bg4f5
6.g4 Bf5e4
7.Rh1g1 Nc6b4
8.c3 Nb4c2
9.Kf1 Nc2xa1
10.b4 Be4xb1
11.Bc1a3 Na1c2
12.Qd1xb1 Nc2xa3
13.Qb1b2 Na3c4
14.Be2xc4 dxc4
15.Nf3d2 b5
16.a3 e6
17.f3 Bf8d6
18.f4 Qd8d7
19.Ke2 O-O-O
20.g5 Nf6h5
21.h4 f5
22.Nd2f3 Bd6xf4
23.exf4 Nh5xf4
24.Ke3 Nf4d3
25.Qb2g2 f4
26.Ke2 Rd8e8
27.h5 e5
28.dxe5 Nd3b2
29.Kf1 Nb2d1
30.Qg2e2 Qd7h3
31.Ke1 Nd1xc3
32.Qe2f1 Qh3xh5
33.Rg1h1 Qh5g4
34.Rh1h4 Qg4g3
35.Kd2 Nc3e4
36.Kc2 Ne4xg5
37.Qf1h1 Ng5xf3
38.Rh4h5 Nf3d4
39.Kb2 Qg3b3
40.Ka1 Nd4c2

0-1

[Event "Match"]
[Site "www.echecsemail.com"]
[Date "2018.03.06"]
[Round "1"]
[White "GilliÈre"]
[Black "Caroluigi"]
[WhiteElo "2040"]
[BlackElo "1870"]
[Result "0-1"]
[Round "1"]
1.e4 e6
2.d4 d5
3.e5 c5
4.c3 Nb8c6
5.Ng1f3 Bc8d7
6.Bf1e2 f6
7.O-O Qd8b6
8.Nb1a3 cxd4
9.cxd4 Ra8c8
10.Be2b5 Bf8xa3
11.Bb5xc6 Bd7xc6
12.bxa3 Ng8e7
13.exf6 gxf6
14.Bc1h6 Qb6a6
15.Bh6g7 Rh8g8
16.Bg7xf6 Qa6xa3
17.Bf6xe7 Kxe7
18.Qd1b3 Qa3a6
19.Qb3b4 Kf6
20.Qb4d2 Qa6a3
21.Qd2h6 Rg8g6
22.Qh6xh7 Qa3xf3
23.Qh7xg6 Kxg6
24.gxf3 Rc8f8
25.Rf1e1 Rf8g8
26.Kf1 Kf5
27.Re1e5 Kf4
28.Re5xe6 Bc6b5
29.Re6e2 Kxf3
30.Ra1e1 Rg8e8
31.h4 Re8xe2
32.Re1xe2 Bb5xe2
33.Kg1 Kg4
34.Kg2 Be2f3
{ resign }
0-1

[Event "Match"]
[Site "www.echecsemail.com"]
[Date "2018.03.06"]
[Round "1"]
[White "Whitekknight"]
[Black "Darknight"]
[WhiteElo "1920"]
[BlackElo "1780"]
[Result "1-0"]
[Round "1"]
1.e4 e5
2.Ng1f3 d6
3.Bf1c4 h6
4.Nb1c3 c6
5.d4 exd4
6.Qd1xd4 Qd8e7
7.Bc1e3 Nb8d7
8.O-O-O Qe7d8
9.Rh1e1 Ng8f6
10.e5 dxe5
11.Nf3xe5 c5
12.Qd4d2 Bf8e7
13.Bc4xf7 Kf8
14.Bf7e6 Nd7xe5
15.Qd2xd8 Be7xd8
16.Rd1xd8 Nf6e8
17.Be3xc5 
1-0

[Event "1/32 Finale"]
[Site "www.chess-mail.com"]
[Date "2018.03.06"]
[Round "1"]
[White "Esperanza"]
[Black "Piekki"]
[WhiteElo "1940"]
[BlackElo "2160"]
[Result "1/2-1/2"]
[Round "1"]
1.d4 Ng8f6
2.c4 e6
3.Nb1c3 Bf8b4
4.Qd1c2 O-O
5.a3 Bb4xc3
6.Qc2xc3 b6
7.Bc1g5 Bc8b7
8.f3 d5
9.e3 Nb8d7
10.cxd5 exd5
11.Ra1c1 Ra8c8
12.Bf1b5 c6
13.Bb5a4 Rf8e8
14.Ng1e2 Nf6e4
15.Bg5xd8 Ne4xc3
16.Rc1xc3 Re8xd8
17.Kf2 c5
18.Ba4xd7 Rd8xd7
19.dxc5 Rc8xc5
20.Rh1c1 Rd7c7
21.b4 Rc5c4
22.Ke1 Kf8
23.Kd2 Ke7
24.Ne2d4 Rc4xc3
25.Rc1xc3 Rc7xc3
26.Kxc3 g6
27.f4 a6
28.g4 Kd6
29.g5 Bb7c8
30.Nd4f3 Bc8e6
31.Kd4 Be6d7
32.Nf3e5 Bd7e6
33.a4 Kc7
34.a5 Kb7
35.Ne5f3 bxa5
36.bxa5 Kc6
37.Ke5 Kb5
38.Nf3d4 Kxa5
39.Nd4xe6 fxe6
40.Kxe6 Kb4
41.Kxd5 a5
42.e4 a4
43.e5 a3
44.e6 a2
45.e7 a1Q
46.e8Q Qa1a2
47.Kd6 Qa2xh2
48.Qe8e4 Kc3
49.Qe4e5 Kd3
50.Ke7 Qh2e2
51.Qe5xe2 Kxe2
52.Kf6 Kf3
53.f5 gxf5
54.Kxf5 { draw }
1/2-1/2

[Event "1/128 Finale"]
[Site "www.chess-mail.com"]
[Date "2018.03.06"]
[Round "1"]
[White "Zack1984"]
[Black "Picifarkinca"]
[WhiteElo "1809"]
[BlackElo "1670"]
[Result "0-1"]
[Round "1"]
1.b4 d5
2.Bc1b2 e6
3.e3 Ng8f6
4.a3 c5
5.bxc5 Bf8xc5
6.Ng1f3 O-O
7.c4 Bc5e7
8.d4 dxc4
 { time }
0-1

[Event "Tourn. n9691"]
[Site "www.chess-mail.com"]
[Date "2018.03.07"]
[Round "1"]
[White "Osopanda"]
[Black "Pachi"]
[WhiteElo "1790"]
[BlackElo "1620"]
[Result "1-0"]
[Round "1"]
1.e4 e5
2.Ng1f3 f6
3.d4 Nb8c6
4.Bf1c4 exd4
5.Nf3xd4 Bf8c5
6.Bc1e3 Bc5xd4
7.Be3xd4 Ng8e7
8.Nb1c3 a6
9.O-O b5
10.Bc4b3 Bc8b7
11.Qd1g4 g6
12.Bd4xf6 Rh8f8
13.Nc3d5 a5
14.a4 Nc6b4
15.Nd5xe7 Rf8xf6
16.Ne7d5 Bb7xd5
17.exd5 c6
18.dxc6 dxc6
19.Rf1e1 Kf8
20.axb5 cxb5
21.Ra1d1 Rf6d6
22.Qg4f4 Qd8f6
23.Qf4xd6 Qf6xd6
24.Rd1xd6 a4
25.Bb3d5 Ra8c8
26.c3 Nb4d3
27.Rd6f6 Kg7
28.Rf6f7 Kh6
29.Re1e7 Nd3xb2
30.Rf7xh7 Kg5
31.Re7f7 Rc8xc3
32.h4 Kg4
33.Bd5f3 Rc3xf3
34.Rf7xf3 b4
35.h5 gxh5
36.Rh7g7 Kh4
37.Rf3h3 { resign }
1-0

[Event "Tourn. n9683"]
[Site "www.chess-mail.com"]
[Date "2018.03.07"]
[Round "1"]
[White "Prize64"]
[Black "Bigrezi"]
[WhiteElo "2120"]
[BlackElo "2260"]
[Result "0-1"]
[Round "1"]
1.e4 e5
2.Ng1f3 Nb8c6
3.Bf1b5 Ng8f6
4.O-O d6
5.Rf1e1 a6
6.Bb5f1 Bc8g4
7.h3 Bg4xf3
8.Qd1xf3 Bf8e7
9.c3 O-O
10.d3 Nf6d7
11.Nb1a3 Be7g5
12.Na3c2 Bg5xc1
13.Ra1xc1 Qd8g5
14.d4 Nd7b6
15.d5 Nc6e7
16.b3 f5
17.c4 fxe4
18.Qf3xe4 Rf8f4
19.Qe4e2 Ra8f8
20.Qe2e3 Ne7f5
21.Qe3d3 Nf5h4
22.Qd3g3 Qg5f6
23.f3 Nb6d7
24.Nc2e3 Nh4xf3
25.gxf3 Rf4xf3
26.Qg3g4 Qf6e7
27.Bf1g2 Rf3f4
28.Qg4g3 Nd7f6
29.Re1f1 Nf6h5
30.Qg3h2 Qe7h4
31.Rf1xf4 Nh5xf4
32.Bg2f1 Qh4g5
33.Kh1 Nf4h5
{ resign }
0-1

[Event "Tourn. n9655"]
[Site "www.chess-mail.com"]
[Date "2018.03.07"]
[Round "1"]
[White "Apdash"]
[Black "Prize64"]
[WhiteElo "2220"]
[BlackElo "2140"]
[Result "1-0"]
[Round "1"]
1.d4 Ng8f6
2.c4 g6
3.Bc1g5 Bf8g7
4.Nb1c3 d6
5.e4 O-O
6.Bf1e2 c5
7.d5 Qd8a5
8.Qd1c2 Nf6xe4
9.Bg5d2 Ne4xd2
10.Qc2xd2 Nb8a6
11.Ng1f3 Bc8g4
12.O-O Qa5b4
13.Rf1c1 Bg4xf3
14.a3 Qb4b6
15.Be2xf3 Na6c7
16.Ra1b1 a6
17.b4 cxb4
18.Rb1xb4 Qb6a7
19.Rc1b1 Ra8b8
20.Nc3a4 b5
21.cxb5 axb5
22.Na4c3 Qa7xa3
23.Rb4b3 Qa3a5
24.Qd2c1 b4
25.Nc3e2 Rf8c8
26.Qc1e3 Nc7xd5
27.Bf3xd5 Qa5xd5
28.h3 Bg7f6
29.Rb3xb4 Rb8xb4
30.Rb1xb4 Qd5d1
31.Kh2 Rc8c2
32.Qe3h6 Rc2c8
33.Ne2g1 Bf6g7
34.Qh6g5 Bg7f6
35.Qg5h6 Qd1e1
36.Rb4g4 Rc8c1
37.Ng1f3 Bf6e5
38.Nf3xe5 Qe1xe5
39.f4 Qe5e1
40.f5  { time }
1-0

[Event "Tourn. n9640"]
[Site "www.chess-mail.com"]
[Date "2018.03.07"]
[Round "1"]
[White "Piekki"]
[Black "Karousek"]
[WhiteElo "2130"]
[BlackElo "2170"]
[Result "0-1"]
[Round "1"]
1.d4 Ng8f6
2.c4 g6
3.Nb1c3 Bf8g7
4.e4 O-O
5.Ng1f3 d6
6.Bf1e2 Nb8a6
7.O-O e5
8.Rf1e1 exd4
9.Nf3xd4 Na6c5
10.Be2f1 Rf8e8
11.f3 Nf6h5
12.Bc1e3 Bg7e5
13.Be3f2 c6
14.b4 Nc5a6
15.Ra1b1 Nh5f4
16.Nc3e2 g5
17.Ne2g3 Qd8f6
18.Nd4f5 h5
19.Qd1c2 Na6c7
20.Rb1d1 h4
21.Ng3e2 Nc7e6
22.Nf5xd6 Nf4xe2
23.Re1xe2 Re8d8
24.c5 Ne6d4
25.Bf2xd4 Be5xd4
26.Kh1 Bd4e5
27.Nd6f5 Bc8e6
28.Re2d2 Rd8e8
29.Bf1c4 Be6xf5
30.exf5 Re8e7
31.a4 Ra8e8
32.Rd2e2 Be5c7
33.Re2e4 Re7xe4
34.fxe4 Qf6e5
35.g3 hxg3
36.Rd1d7 Qe5a1
37.Kg2 gxh2
38.Bc4xf7 Kf8
39.Rd7d1 Qa1e5
40.Bf7h5 g4
{ resign }
0-1

[Event "Tourn. n9678"]
[Site "www.chess-mail.com"]
[Date "2018.03.07"]
[Round "1"]
[White "Caspito"]
[Black "Julian"]
[WhiteElo "1900"]
[BlackElo "1720"]
[Result "1-0"]
[Round "1"]
1.e4 e5
2.Ng1f3 Nb8c6
3.Bf1b5 d6
4.Bb5xc6 bxc6
5.c3 Ng8f6
6.d3 Bc8g4
7.Bc1g5 Bf8e7
8.O-O O-O
9.Nb1d2 h6
10.Bg5h4 g5
11.Qd1c1 gxh4
12.Nf3xh4 d5
13.Nh4f5 Bg4xf5
14.exf5 Be7d6
15.Nd2f3 e4
16.dxe4 dxe4
17.Nf3d4 c5
18.Nd4c6 Qd8d7
19.Nc6a5 Qd7xf5
20.Qc1xh6 Bd6f4
21.Qh6h3 Qf5xh3
22.gxh3 Kh7
23.Kh1 Rf8g8
24.Na5c6 Bf4d6
25.Rf1g1 Rg8xg1
26.Ra1xg1 Ra8g8
27.a3 Rg8xg1
28.Kxg1 Nf6d5
29.Nc6xa7 e3
30.fxe3 Nd5xe3
31.Kf2 Ne3d1
32.Ke2 Nd1xb2
33.Na7c6 Nb2c4
34.a4 Nc4e5
35.Nc6xe5 Bd6xe5
36.c4 c6
37.a5 Be5b8
38.a6 Kg6
39.Kf3 Kf5
40.h4 f6
41.h3 Bb8a7
42.h5 Kg5
43.h6 Kxh6
44.Kf4 Kg6
45.Kg4 f5
46.Kh4 Kh6
47.Kg3 Kg5
48.h4 Kh5
49.Kf4 Kxh4
50.Kxf5 Kg3
51.Ke6 Kf4
52.Kd6 Ke4
53.Kxc6 Kd4
54.Kb7 Kxc4
55.Kxa7 Kb5
56.Kb7 c4
57.a7 c3
58.a8Q c2
59.Qa8c8 { resign }
1-0

[Event "Tourn. n9672"]
[Site "www.chess-mail.com"]
[Date "2018.03.07"]
[Round "1"]
[White "Prize64"]
[Black "Apdash"]
[WhiteElo "2180"]
[BlackElo "2310"]
[Result "0-1"]
[Round "1"]
1.e4 e5
2.Ng1f3 Nb8c6
3.Bf1b5 d6
4.O-O Bc8d7
5.c3 Ng8f6
6.d3 Bf8e7
7.Rf1e1 a6
8.Bb5a4 b5
9.Ba4b3 Nc6a5
10.Bb3c2 c5
11.Nb1d2 Qd8b6
12.Nd2f1 Bd7g4
13.h3 Bg4h5
14.Nf1g3 Bh5g6
15.Bc1e3 Qb6c7
16.Nf3h4 O-O
17.Nh4f5 Rf8e8
18.Qd1f3 Be7f8
19.h4 Na5c6
20.h5 Bg6xf5
21.Ng3xf5 Nc6e7
22.Nf5h6 gxh6
23.Qf3xf6 Bf8g7
24.Qf6f3 Re8f8
25.Bc2b3 c4
26.dxc4 bxc4
27.Bb3c2 Ra8b8
28.Qf3g3 Kh8
29.Ra1b1 Rf8g8
30.Qg3h4 Rb8f8
31.Rb1d1 f5
32.exf5 Bg7f6
33.Qh4h3 d5
34.Be3xh6 Rf8f7
35.Rd1xd5 { time. }
0-1

[Event "Tourn. n9732"]
[Site "www.chess-mail.com"]
[Date "2018.03.07"]
[Round "1"]
[White "Mitja"]
[Black "Apdash"]
[WhiteElo "2090"]
[BlackElo "2170"]
[Result "0-1"]
[Round "1"]
1.d4 d5
2.e3 Ng8f6
3.c3 Bc8f5
4.Ng1f3 g6
5.Nf3h4 Bf5d7
6.h3 Bf8g7
7.Nh4f3 e6
8.Bf1e2 b6
9.Nb1d2 c5
10.dxc5 bxc5
11.b3 Bd7c6
12.Bc1b2 Nb8d7
13.c4 O-O
14.O-O Qd8c7
15.cxd5 Bc6xd5
16.Nd2c4 Nd7b6
17.Ra1c1 Rf8d8
18.Qd1e1 Nb6xc4
19.Be2xc4 Bd5xf3
20.gxf3 Nf6d5
21.Bb2xg7 Kxg7
22.Qe1e2 Qc7e5
23.f4 Qe5f6
24.Qe2g4 h5
25.Qg4g5 Qf6b2
26.a4 Ra8c8
27.Bc4a6 f6
28.Qg5g2 Rc8c7
29.Ba6c4 Nd5c3
30.Qg2f3 Rd8d2
31.Bc4xe6 Nc3e2
32.Kg2 Ne2xc1
33.f5 Nc1d3
34.fxg6 Nd3xf2
35.Rf1xf2 Rd2xf2
36.Qf3xf2 Qb2xf2
37.Kxf2 Kxg6
38.h4 f5
39.Kf3 Rc7c6
40.Be6c4 Rc6d6
41.e4 fxe4
42.Kxe4 Rd6d4
43.Ke5 Rd4xh4
44.Kd5 Rh4xc4
45.bxc4 Kf5
46.Kxc5 h4
47.Kb5 h3
48.c5 h2
49.c6 h1Q
50.c7 Qh1b7
{ resign }
0-1